00363nam a2200157Ia 45000010006000000050017000060080041000230410008000640820016000721000026000882450038001142600009001523000028001616500008001896540008001971107520260306161919.0260306t1985||||xx |||||||||||||| ||spa|| aESP a985.02bM95 aMunda, SalvatoreeAUT 0aEl asesinato de Francisco Pizarro c1985 a190 páginas :c20 cm. aGEN aCHU